000 00599nam a2200241 a 4500
001 nice12345678
003 IN_TiNIC
005 20260116011405.0
008 050524s0000 laha grp 000 0 eng
020 _a
_c100
082 0 0 _a297.293
_bALI1
100 _aAli, Mohammad
245 _aDivine Origin of the Holy Quran
260 _aLahore
_bMohammadan Tract and Society
_c0000
300 _a168p
500 _aincludes index and biblioraphy
505 2 _aArabic-Urdu
650 _aQuran-Apologetic Works
700 1 _aAli, Mohammad
902 _bSRS
942 _cBK
999 _c1097
_d1097